Directing : (Record no. 27385)

MARC details
000 -LEADER
fixed length control field 02512cam a2200337 i 4500
001 - CONTROL NUMBER
control field 17385447
003 - CONTROL NUMBER IDENTIFIER
control field EG-ScBUE
005 - DATE AND TIME OF LATEST TRANSACTION
control field 20230329104432.0
008 - FIXED-LENGTH DATA ELEMENTS--GENERAL INFORMATION
fixed length control field 120713s2013 maua f b 001 0 eng d
020 ## - INTERNATIONAL STANDARD BOOK NUMBER
International Standard Book Number 9780240818450 (pbk.)
040 ## - CATALOGING SOURCE
Original cataloging agency DLC
Language of cataloging eng
Description conventions rda
Transcribing agency DLC
Modifying agency DLC
-- EG-ScBUE
082 04 - DEWEY DECIMAL CLASSIFICATION NUMBER
Classification number 791.430233
Item number RAB
Edition number 22
100 1# - MAIN ENTRY--PERSONAL NAME
Personal name Rabiger, Michael,
Relator term author.
245 10 - TITLE STATEMENT
Title Directing :
Remainder of title film techniques and aesthetics /
Statement of responsibility, etc Michael Rabiger, Mick Hurbis-Cherrier ; illustrated by Gustavo Mercado.
250 ## - EDITION STATEMENT
Edition statement Fifth edition.
264 #1 - PUBLICATION, DISTRIBUTION, ETC. (IMPRINT)
Place of publication, distribution, etc Burlington, MA :
Name of publisher, distributor, etc Focal Press / Taylor & Francis,
Date of publication, distribution, etc 2013.
300 ## - PHYSICAL DESCRIPTION
Extent xxv, 517 pages :
Other physical details illustrations ;
Dimensions 24 cm
336 ## - CONTENT TYPE
Source rdacontent
Content type term text
Content type code txt
337 ## - MEDIA TYPE
Source rdamedia
Media type term unmediated
Media type code n
338 ## - CARRIER TYPE
Source rdacarrier
Carrier type term volume
Carrier type code nc
504 ## - BIBLIOGRAPHY, ETC. NOTE
Bibliography, etc Includes bibliographical references and index.
520 ## - SUMMARY, ETC.
Summary, etc This comprehensive manual has inspired tens of thousands of readers worldwide to realize their artistic vision and produce well-constructed films. Filled with practical advice on every stage of production, this is the book you will return to throughout your career. Directing covers the methods, technologies, thought processes, and judgments that a director must use throughout the fascinating process of making a film. It emphasizes low-cost digital technology, which allows cutting-edge creativity and professionalism on shoestring budgets. And, recognizing that you learn best by doing, the book includes dozens of practical hands-on projects and activities to help you master technical and conceptual skills. Just as important as surmounting technological hurdles is the conceptual and authorial side of filmmaking. This book provides an unusually clear view of the artistic process, particularly in working with actors. It offers eminently practical tools and exercises to help you develop credible and compelling stories with your cast, hone your narrative skills, and develop your artistic identity. This book shows you how to surpass mere technical proficiency and become a storyteller with a distinctive voice and style. The companion web site includes teaching notes, hands-on exercises, checklists, and useful forms and questionnaires.
650 #7 - SUBJECT ADDED ENTRY--TOPICAL TERM
Topical term or geographic name as entry element Motion pictures
General subdivision Production and direction.
Source of heading or term BUEsh
9 (RLIN) 39027
650 #7 - SUBJECT ADDED ENTRY--TOPICAL TERM
Topical term or geographic name as entry element Motion pictures
General subdivision Aesthetics.
Source of heading or term BUEsh
651 ## - SUBJECT ADDED ENTRY--GEOGRAPHIC NAME
Source of heading or term BUEsh
653 ## - INDEX TERM--UNCONTROLLED
Resource For college Communication and mass media
Arrived date list April2019
655 ## - INDEX TERM--GENRE/FORM
Form subdivision Text book
700 1# - ADDED ENTRY--PERSONAL NAME
Personal name Hurbis-Cherrier, Mick,
Relator term author.
700 1# - ADDED ENTRY--PERSONAL NAME
Personal name Mercado, Gustavo,
Relator term illustrator.
942 ## - ADDED ENTRY ELEMENTS (KOHA)
Source of classification or shelving scheme Dewey Decimal Classification
Koha item type Book - Borrowing
Holdings
Withdrawn status Lost status Source of classification or shelving scheme Damaged status Not for loan Collection code Home library Current library Shelving location Date acquired Source of acquisition Cost, normal purchase price Total Checkouts Full call number Barcode Date last seen Cost, replacement price Koha item type Total Renewals Checked out Date checked out
    Dewey Decimal Classification     Baccah Central Library Central Library Second Floor 16/04/2019 Purchase 950.00   791.430233 RAB 000044581 15/07/2025 1187.50 NB - Book (Non borrowing)      
    Dewey Decimal Classification     Baccah Central Library Central Library Second Floor 16/04/2019 Purchase 950.00 1 791.430233 RAB 000044582 08/10/2024 1187.50 Book - Borrowing 75 17/05/2026 08/10/2024
    Dewey Decimal Classification     Baccah Central Library Central Library Second Floor 16/04/2019 Purchase 950.00 1 791.430233 RAB 000044583 15/07/2025 1187.50 Book - Borrowing 18   14/11/2023
    Dewey Decimal Classification     Baccah Central Library Central Library Second Floor 16/04/2019 Purchase 950.00 3 791.430233 RAB 000044584 19/11/2025 1187.50 Book - Borrowing 48 17/05/2026 19/11/2025